[Event "Liechtenstein Seniors op 07th"]
[Site "Triesen"]
[Date "2007.05.17"]
[Round "7"]
[White "Ten Berge, Hans JM"]
[Black "Klieber, Heinz"]
[Result "1-0"]
[WhiteElo "2109"]
[BlackElo "1765"]
[PlyCount "37"]
[EventDate "2007.05.11"]
[EventType "swiss"]
[EventRounds "9"]
[EventCountry "LIE"]
[SourceTitle "EXT 2010"]
[Source "ChessBase"]
[SourceDate "2010.11.25"]
[SourceVersion "1"]
[SourceVersionDate "2010.11.25"]
[SourceQuality "1"]

1. e4 c5 2. Nf3 d6 3. d4 cxd4 4. Nxd4 Nc6 5. c4 g6 6. Nc3 Bg7 7. Be3 Nf6 8. f3 Bd7 9. Qd2 a6 10. Be2 Rc8 11. Nxc6 Bxc6 12. Rc1 Nd7 13. 0-0 0-0 14. Nd5 Bxd5 15. cxd5 Nc5 16. Qb4 a5 17. Qb5 Qd7 18. Rxc5 Qxb5 19. Rxb5 1-0

[Event "Zuerich Seniors op 3rd"]
[Site "Zuerich"]
[Date "2005.02.04"]
[Round "?"]
[White "Glur, Erwin"]
[Black "Klieber, Heinz"]
[Result "1-0"]
[WhiteElo "1924"]
[BlackElo "1763"]
[PlyCount "57"]
[EventDate "2005.01.24"]
[EventType "swiss"]
[EventRounds "9"]
[EventCountry "SUI"]
[SourceTitle "EXT 2007"]
[Source "ChessBase"]
[SourceDate "2006.11.23"]
[SourceVersion "1"]
[SourceVersionDate "2006.11.23"]
[SourceQuality "1"]

1. e4 d6 2. d4 Nf6 3. Bd3 c6 4. Ne2 e5 5. c3 Be7 6. 0-0 0-0 7. f4 exf4 8. Bxf4 Nh5 9. Nd2 Nxf4 10. Nxf4 g6 11. Nf3 Bg4 12. Qc2 Nd7 13. Nd2 c5 14. h3 Bxh3 15. Nxh3 cxd4 16. cxd4 Rc8 17. Qb3 Nf6 18. Nf3 Ng4 19. Rac1 Bf6 20. Nf2 h5 21. Kh1 Kg7 22. e5 dxe5 23. dxe5 Nxf2+ 24. Rxf2 Bh4 25. Nxh4 Qxh4+ 26. Kg1 Qd4 27. Bb1 Rc7 28. Qf3 Re7 29. Qf6+ 1-0

[Event "Liechtenstein Seniors op 03rd"]
[Site "Triesen"]
[Date "2003.05.23"]
[Round "1"]
[White "Klieber, Heinz"]
[Black "Kock, Hans Uwe"]
[Result "0-1"]
[WhiteElo "1750"]
[BlackElo "2089"]
[PlyCount "84"]
[EventDate "2003.05.??"]
[EventType "swiss"]
[EventRounds "9"]
[EventCountry "LIE"]
[SourceTitle "EXT 2006"]
[Source "ChessBase"]
[SourceDate "2005.11.24"]
[SourceVersion "1"]
[SourceVersionDate "2005.11.24"]
[SourceQuality "1"]

1. f4 g6 2. e4 Bg7 3. d4 d6 4. Nf3 Nd7 5. Be2 e6 6. 0-0 Ne7 7. c4 0-0 8. Nc3 e5 9. fxe5 dxe5 10. d5 f5 11. Ng5 Nf6 12. exf5 gxf5 13. Be3 b6 14. Nb5 Ne8 15. Qc2 a6 16. Nc3 h6 17. Nf3 Nd6 18. Rad1 f4 19. Bf2 Bf5 20. Qc1 Ng6 21. c5 bxc5 22. Bxc5 Re8 23. Bxd6 cxd6 24. Nd2 e4 25. Ndxe4 Rxe4 26. Nxe4 Bxe4 27. Bf3 Bxf3 28. Rxf3 Be5 29. Qd2 Qg5 30. Rdf1 Nh4 31. Kh1 Nxf3 32. gxf3 Qf5 33. Qb4 Kh8 34. Qb7 Rg8 35. Qxa6 Qg6 36. Qe2 Bd4 37. h3 Qg3 38. Qh2 Qxh2+ 39. Kxh2 Bxb2 40. Re1 Bd4 41. a4 Ra8 42. Re4 Ra5 0-1

[Event "Liechtenstein Seniors op 02nd"]
[Site "Triesen"]
[Date "2002.05.10"]
[Round "8"]
[White "Klieber, Heinz"]
[Black "Ruhle, Ernst Albrecht"]
[Result "1-0"]
[WhiteElo "1815"]
[BlackElo "1524"]
[PlyCount "91"]
[EventDate "2002.05.??"]
[EventType "swiss"]
[EventRounds "9"]
[EventCountry "LIE"]
[SourceTitle "EXT 2006"]
[Source "ChessBase"]
[SourceDate "2005.11.24"]
[SourceVersion "1"]
[SourceVersionDate "2005.11.24"]
[SourceQuality "1"]

1. d4 Nf6 2. c4 e5 3. dxe5 Ng4 4. Nf3 Nc6 5. e4 Ngxe5 6. Nxe5 Nxe5 7. Nc3 Bb4 8. Bd2 0-0 9. Be2 d6 10. Nd5 Bxd2+ 11. Qxd2 Be6 12. 0-0 c6 13. Ne3 Qc7 14. f4 Nd7 15. f5 Bxf5 16. Nxf5 Nf6 17. Bf3 Rad8 18. Qg5 Ne8 19. b3 f6 20. Qg3 g6 21. Nd4 Ng7 22. Kh1 Qe7 23. Rad1 Qe5 24. Qxe5 dxe5 25. Nc2 Ne6 26. Rxd8 Rxd8 27. Rd1 Rxd1+ 28. Bxd1 c5 29. Bg4 Ng5 30. Bf3 b6 31. h4 Ne6 32. g3 Kf7 33. Kg2 h6 34. Bg4 Nd4 35. Nxd4 exd4 36. Kf3 g5 37. hxg5 hxg5 38. Bh3 Kg6 39. Bf1 Kh5 40. Bd3 a6 41. a4 a5 42. Be2 Kh6 43. Kg4 Kg6 44. Bd3 Kf7 45. Kf5 Ke7 46. e5 1-0

[Event "Liechtenstein Seniors op 02nd"]
[Site "Triesen"]
[Date "2002.05.07"]
[Round "5"]
[White "Klieber, Heinz"]
[Black "Fatzer, Ernst"]
[Result "0-1"]
[WhiteElo "1815"]
[BlackElo "2097"]
[PlyCount "58"]
[EventDate "2002.05.??"]
[EventType "swiss"]
[EventRounds "9"]
[EventCountry "LIE"]
[SourceTitle "EXT 2006"]
[Source "ChessBase"]
[SourceDate "2005.11.24"]
[SourceVersion "1"]
[SourceVersionDate "2005.11.24"]
[SourceQuality "1"]

1. d4 c6 2. c4 d5 3. e3 Nf6 4. Nf3 g6 5. Nc3 Bg7 6. Bd2 0-0 7. Be2 Ne4 8. 0-0 Na6 9. cxd5 cxd5 10. Be1 e6 11. a3 Bd7 12. Nd2 Nxc3 13. bxc3 Nb8 14. c4 dxc4 15. Bxc4 Bc6 16. Nf3 Nd7 17. Rb1 Qc7 18. d5 exd5 19. Bxd5 Ne5 20. Nxe5 Bxe5 21. f4 Rad8 22. Bxf7+ Qxf7 23. Qc1 Bc7 24. Bh4 Rd3 25. Qc2 Rxa3 26. Bg5 Ra2 27. Rb2 Rxb2 28. Qxb2 Re8 29. Qc3 Rxe3 0-1

[Event "Liechtenstein Seniors op 02nd"]
[Site "Triesen"]
[Date "2002.05.06"]
[Round "4"]
[White "Schaad, Pierluigi"]
[Black "Klieber, Heinz"]
[Result "1/2-1/2"]
[WhiteElo "1897"]
[BlackElo "1815"]
[PlyCount "52"]
[EventDate "2002.05.??"]
[EventType "swiss"]
[EventRounds "9"]
[EventCountry "LIE"]
[SourceTitle "EXT 2006"]
[Source "ChessBase"]
[SourceDate "2005.11.24"]
[SourceVersion "1"]
[SourceVersionDate "2005.11.24"]
[SourceQuality "1"]

1. Nf3 c5 2. g3 d5 3. Bg2 g6 4. 0-0 Bg7 5. d3 Nf6 6. Nbd2 0-0 7. e4 dxe4 8. dxe4 Nc6 9. c3 Ng4 10. Qe2 Nge5 11. Nxe5 Nxe5 12. h3 Nd3 13. Rd1 Nxc1 14. Raxc1 e5 15. Nc4 Qe7 16. Ne3 Be6 17. Nd5 Bxd5 18. Rxd5 Rad8 19. Rcd1 Rxd5 20. Rxd5 Rd8 21. Qc4 Rxd5 22. Qxd5 Bf8 23. Bf1 b6 24. a4 Qd6 25. Bc4 Qxd5 26. exd5 Bd6 1/2-1/2

[Event "Liechtenstein Seniors op 02nd"]
[Site "Triesen"]
[Date "2002.05.04"]
[Round "2"]
[White "Skibbe, Hannes"]
[Black "Klieber, Heinz"]
[Result "1/2-1/2"]
[WhiteElo "1683"]
[BlackElo "1815"]
[PlyCount "60"]
[EventDate "2002.05.??"]
[EventType "swiss"]
[EventRounds "9"]
[EventCountry "LIE"]
[SourceTitle "EXT 2006"]
[Source "ChessBase"]
[SourceDate "2005.11.24"]
[SourceVersion "1"]
[SourceVersionDate "2005.11.24"]
[SourceQuality "1"]

1. e4 c5 2. Nc3 d6 3. f4 Nc6 4. Nf3 g6 5. Be2 Bg7 6. 0-0 Nf6 7. d3 0-0 8. Rb1 Bd7 9. Bd2 Qc8 10. Qe1 a6 11. a3 b5 12. Nd5 Nxd5 13. exd5 Nd4 14. Nxd4 Bxd4+ 15. Kh1 e6 16. Bf3 exd5 17. Bxd5 Bc6 18. Bxc6 Qxc6 19. c3 Bg7 20. Qg3 f5 21. Rfe1 Rae8 22. Rxe8 Rxe8 23. Re1 d5 24. h3 Rxe1+ 25. Qxe1 Kf7 26. Qh4 Qe6 27. Qd8 Bf6 28. Qc7+ Be7 29. Qe5 Bf6 30. Qc7+ Be7 1/2-1/2

[Event "Liechtenstein Seniors op 01st"]
[Site "Triesen"]
[Date "2001.05.24"]
[Round "7"]
[White "Tochtermann, Georg"]
[Black "Klieber, Heinz"]
[Result "1/2-1/2"]
[WhiteElo "1905"]
[BlackElo "1762"]
[PlyCount "78"]
[EventDate "2001.05.??"]
[EventType "swiss"]
[EventRounds "9"]
[EventCountry "LIE"]
[SourceTitle "EXT 2006"]
[Source "ChessBase"]
[SourceDate "2005.11.24"]
[SourceVersion "1"]
[SourceVersionDate "2005.11.24"]
[SourceQuality "1"]

1. e4 c5 2. Nc3 a6 3. a4 Nc6 4. g3 Nf6 5. Bg2 e6 6. Nge2 d5 7. 0-0 d4 8. Nb1 e5 9. d3 Be7 10. h3 0-0 11. f4 exf4 12. Nxf4 Ne5 13. b3 g5 14. Nh5 Nxh5 15. Qxh5 Rb8 16. Nd2 f5 17. exf5 Bxf5 18. Qe2 Ng6 19. Ne4 h6 20. Bd2 Qc7 21. g4 Bxe4 22. Qxe4 Kg7 23. Rxf8 Nxf8 24. Rf1 Ng6 25. c3 Bf6 26. c4 b6 27. Qe6 Qe5 28. Re1 Qxe6 29. Rxe6 Ne5 30. Be4 Kf7 31. Rd6 Ke7 32. Rd5 a5 33. Kg2 Rd8 34. Rxd8 Kxd8 35. Be1 Nd7 36. Bf5 Be5 37. Kf3 Nf6 38. h4 Bf4 39. Bf2 Ke7 1/2-1/2

[Event "Liechtenstein Seniors op 01st"]
[Site "Triesen"]
[Date "2001.05.20"]
[Round "3"]
[White "Klieber, Heinz"]
[Black "Karl, Hans"]
[Result "0-1"]
[WhiteElo "1762"]
[BlackElo "2224"]
[PlyCount "80"]
[EventDate "2001.05.??"]
[EventType "swiss"]
[EventRounds "9"]
[EventCountry "LIE"]
[SourceTitle "EXT 2006"]
[Source "ChessBase"]
[SourceDate "2005.11.24"]
[SourceVersion "1"]
[SourceVersionDate "2005.11.24"]
[SourceQuality "1"]

1. c4 e5 2. Nc3 d6 3. e3 c6 4. d4 Nd7 5. Nf3 Qc7 6. Be2 g6 7. d5 c5 8. e4 Bg7 9. 0-0 Ne7 10. Nb5 Qb8 11. Nc3 a6 12. a3 0-0 13. b4 b6 14. Bd3 Qc7 15. b5 a5 16. a4 Nf6 17. h3 Nh5 18. Ne2 f5 19. Ng3 Nf4 20. Ra2 Nxd3 21. Qxd3 fxe4 22. Nxe4 Nf5 23. g4 Nd4 24. Neg5 Bd7 25. Nxd4 cxd4 26. f4 Rac8 27. Rc2 exf4 28. Bb2 Rce8 29. Bxd4 Bxd4+ 30. Qxd4 Qc5 31. Qxc5 dxc5 32. Rcf2 h6 33. Ne6 Bxe6 34. dxe6 g5 35. Re2 Rf6 36. Rfe1 Kf8 37. Kf2 Ke7 38. Kf3 Rd8 39. Ke4 Rd4+ 40. Ke5 f3 0-1